The democratic experience : (Record no. 40776)
[ view plain ]
| 000 -LEADER | |
|---|---|
| fixed length control field | 00919nam a2200277 a 4500 |
| 001 - CONTROL NUMBER | |
| control field | 40776 |
| 003 - CONTROL NUMBER IDENTIFIER | |
| rucl marc code | BD-RjUL |
| 005 - DATE AND TIME OF LATEST TRANSACTION | |
| control field | 20211209053258.0 |
| 008 - FIXED-LENGTH DATA ELEMENTS--GENERAL INFORMATION | |
| fixed length control field | 160510s1969 enk b 001 0 eng d |
| 020 ## - INTERNATIONAL STANDARD BOOK NUMBER | |
| International Standard Book Number | 0269671129 |
| 035 ## - SYSTEM CONTROL NUMBER | |
| System control number | OCLC ocm00033115 from D960613M |
| -- | (BD-RjUL)40891 |
| 040 ## - CATALOGING SOURCE | |
| Original cataloging agency | DLC |
| Transcribing agency | DLC |
| Modifying agency | OCL |
| -- | UKM |
| -- | EQO |
| -- | BD-RjUL |
| Language of cataloging | eng |
| 041 ## - LANGUAGE CODE | |
| Language code of text/sound track or separate title | eng |
| 082 ## - DEWEY DECIMAL CLASSIFICATION NUMBER | |
| Classification number | 321.8 |
| Author mark and year | NID 1969 |
| 100 1# - MAIN ENTRY--PERSONAL NAME | |
| Personal name | Niebuhr, Reinhold |
| Dates associated with a name | 1892-1971. |
| 9 (RLIN) | 125477 |
| 245 14 - TITLE STATEMENT | |
| Title | The democratic experience : |
| Remainder of title | past and prospects / |
| Statement of responsibility, etc. | Reinhold Niebuhr and Paul E. Sigmund |
| 260 ## - PUBLICATION, DISTRIBUTION, ETC. (IMPRINT) | |
| Place of publication, distribution, etc. | London : |
| Name of publisher, distributor, etc. | Pall Mall Press, |
| Date of publication, distribution, etc. | 1969 |
| 300 ## - PHYSICAL DESCRIPTION | |
| Pagination | x, 192 p. ; |
| Size | 21 cm |
| 504 ## - BIBLIOGRAPHY, ETC. NOTE | |
| Bibliography, etc | Bibliographical footnotes and Index |
| 650 #0 - SUBJECT ADDED ENTRY--TOPICAL TERM | |
| Topical term or geographic name as entry element | Democracy |
| 9 (RLIN) | 125478 |
| Topical term or geographic name as entry element | Political science |
| General subdivision | History |
| 9 (RLIN) | 125479 |
| 651 #0 - SUBJECT ADDED ENTRY--GEOGRAPHIC NAME | |
| Geographic name | Developing countries |
| General subdivision | Politics and government |
| 9 (RLIN) | 125480 |
| 700 1# - ADDED ENTRY--PERSONAL NAME | |
| Personal name | Sigmund, Paul E. |
| 942 ## - ADDED ENTRY ELEMENTS (KOHA) | |
| Source of classification or shelving scheme | Dewey Decimal Classification |
| Koha item type | Books |
| Lost status | Source of classification or shelving scheme | Damaged status | Not for loan | Collection code | Permanent Location | Current Location | Shelving location | Date acquired | Source of acquisition | Cost, normal purchase price | Total Checkouts | Full call number | Date last seen | Copy number | Koha item type |
|---|---|---|---|---|---|---|---|---|---|---|---|---|---|---|---|
| Dewey Decimal Classification | Not For Loan | Non-fiction | Central Library, University of Rajshahi | Central Library, University of Rajshahi | Reading Room | 12/08/1970 | Zeitlinger | 54.00 | 321.8 NID 1969 | 10/05/2016 | C-1 | Books |